Personnages Harry Potter sans voyelles #1 - Statistiques

Statistiques générales
  • Ce quiz a été pris 574 fois
  • Le résultat moyen est 15 sur 20
Statistiques - réponses
Indices Réponses % Correct
HRR PTTR Harry Potter
100%
SVRS RG Severus Rogue
98%
VLDMRT Voldemort
92%
SRS BLCK Sirius Black
91%
DBB Dobby
90%
LBS DMBLDR Albus Dumbledore
86%
GNN WSL Ginny Weasley
82%
DRG MLF Drago Malefoy
79%
FLR DLCR Fleur Delacour
78%
RBS HGRD Rubeus Hagrid
78%
GDRC GRFFNDR Godric Gryffondor
72%
LN LVGD Luna Lovegood
71%
FMSCK Fumseck
70%
CRNLS FDG Cornelius Fudge
69%
GLDR LCKHRT Gilderoy Lockhart
67%
VRNN DRSL Vernon Dursley
61%
SMS FNNGN Seamus Finnigan
55%
FNRR GRBCK Fenrir Greyback
47%
TFF Touffu
46%
GRRCK LLVNDR Garrick Ollivander
41%
Aucun quiz correspondant
Distribution des résultats
% des personnes avec chaque résultat
Percentile par nombre de réponses
Votre historique - résultats
Vous n’avez pas pris ce quiz